[Event "Mecklenburg VP Seniors op 11th"]
[Site "Plau am See"]
[Date "2007.??.??"]
[Round "3"]
[White "Potthammel, Joerg"]
[Black "Kleinpeter, Peter"]
[Result "1-0"]
[WhiteElo "1971"]
[BlackElo "1524"]
[PlyCount "32"]
[EventDate "2007.03.19"]
[EventType "swiss"]
[EventRounds "7"]
[EventCountry "GER"]
[SourceTitle "EXT 2008"]
[Source "ChessBase"]
[SourceDate "2007.11.25"]
[SourceVersion "1"]
[SourceVersionDate "2007.11.25"]
[SourceQuality "1"]

1. e4 c5 2. Nf3 d6 3. d4 cxd4 4. Nxd4 Nf6 5. Nc3 a6 6. Bc4 e6 7. Be3 Nc6 8. f3 g6 9. Qd2 Bg7 10. 0-0-0 Na5 11. Bb3 0-0 12. g4 b5 13. h4 Bb7 14. h5 gxh5 15. g5 Nd7 16. Rxh5 Rc8 1-0

[Event "Mecklenburg VP Seniors op 10th"]
[Site "Plau am See"]
[Date "2006.04.03"]
[Round "1"]
[White "Herzel, Alois"]
[Black "Kleinpeter, Peter"]
[Result "1/2-1/2"]
[WhiteElo "1701"]
[BlackElo "1547"]
[PlyCount "42"]
[EventDate "2006.04.03"]
[EventType "swiss"]
[EventRounds "7"]
[EventCountry "GER"]
[SourceTitle "EXT 2007"]
[Source "ChessBase"]
[SourceDate "2006.11.23"]
[SourceVersion "1"]
[SourceVersionDate "2006.11.23"]
[SourceQuality "1"]

1. d4 d5 2. c4 e6 3. Nc3 Nf6 4. Nf3 Nbd7 5. e3 Be7 6. Bd3 h6 7. 0-0 0-0 8. Qc2 a6 9. b3 dxc4 10. bxc4 b6 11. Bb2 c5 12. Rad1 Qc7 13. Rfe1 Bb7 14. e4 cxd4 15. Nxd4 Rac8 16. Nf3 Ng4 17. h3 Nge5 18. Nxe5 Nxe5 19. Bf1 Nxc4 20. Bxc4 Qxc4 21. Rd7 Rc7 1/2-1/2